[Event "Liberec Region-chT 2223"]
[Site "Czech Republic"]
[Date "2023.01.15"]
[Round "6.4"]
[White "Halama, Vratislav"]
[Black "Podrazky, Radim"]
[Result "1-0"]
[WhiteElo "1854"]
[BlackElo "1779"]
[PlyCount "29"]
[EventDate "2022.10.09"]
[EventType "team-tourn"]
[EventRounds "11"]
[EventCountry "CZE"]
[SourceTitle "EXT 2024"]
[Source "ChessBase"]
[SourceDate "2023.10.10"]
[SourceVersion "1"]
[SourceVersionDate "2023.10.10"]
[SourceQuality "1"]

1. e4 e5 2. Nf3 Nf6 3. Nc3 Nc6 4. d4 exd4 5. Nxd4 Bb4 6. Nxc6 bxc6 7. Bd3 h6 8. 0-0 0-0 9. e5 Nd5 10. Nxd5 cxd5 11. Qg4 Qe7 12. c3 Bc5 13. Bxh6 Qxe5 14. Bf4 d6 15. Qh4 1-0

[Event "Liberec Region-chT 2223"]
[Site "Czech Republic"]
[Date "2022.11.27"]
[Round "4.4"]
[White "Marsalek, Zdenek"]
[Black "Podrazky, Radim"]
[Result "1-0"]
[WhiteElo "2210"]
[BlackElo "1776"]
[PlyCount "103"]
[EventDate "2022.10.09"]
[EventType "team-tourn"]
[EventRounds "11"]
[EventCountry "CZE"]
[SourceTitle "EXT 2024"]
[Source "ChessBase"]
[SourceDate "2023.10.10"]
[SourceVersion "1"]
[SourceVersionDate "2023.10.10"]
[SourceQuality "1"]

1. d4 d5 2. Nf3 Nf6 3. g3 Bf5 4. Bg2 e6 5. 0-0 Bd6 6. c4 c6 7. Qb3 Qc8 8. Nc3 0-0 9. Nd2 Nbd7 10. e4 dxe4 11. Ndxe4 Nxe4 12. Nxe4 Bc7 13. Be3 Qd8 14. Rfd1 Rb8 15. Qa3 Bxe4 16. Bxe4 f5 17. Bg2 Qf6 18. f4 Nb6 19. Rac1 a6 20. Qb3 Qf7 21. d5 Nc8 22. Rd3 e5 23. dxc6 bxc6 24. Qd1 Nb6 25. Bxc6 exf4 26. Bxb6 Bxb6+ 27. c5 Qa7 28. cxb6 Qxb6+ 29. Kh1 fxg3 30. Rb3 Qf2 31. Rc2 Qf4 32. Rxg3 Rfd8 33. Rd3 Rxd3 34. Qxd3 h6 35. b3 Qg5 36. Qc4+ Kh7 37. Rg2 Qe3 38. Qd5 Rf8 39. Qf3 Qc5 40. Qd5 Qe3 41. Qd2 Qe5 42. Qb2 Qe1+ 43. Rg1 Qe7 44. b4 Rc8 45. Bf3 Rc4 46. a3 Qc7 47. Bd5 Rc3 48. a4 Kh8 49. Qe2 Qd7 50. Qe5 Rd3 51. Qb8+ Kh7 52. Qg8# 1-0